000 00515nam a2200217Ia 4500
003 OSt
005 20221006150152.0
006 a|||||r|||| 00| 0
007 ta
008 221006b |||||||| |||| 00| 0 eng d
020 _c
_15.00
024 _a17,377
037 _cTextual
040 _aEASL
_cEASL
_beng
041 _2eng
_aeng
245 0 _aDictionary of spoken China
260 _aYale
_bYale University Press
_c1966
300 _a1071p.
_ccm.
942 _cTEXL
_2CC
999 _c1085463
_d1085463